| 000 | 00595nam a2200217Ia 4500 | ||
|---|---|---|---|
| 003 | OSt | ||
| 005 | 20230316105344.0 | ||
| 008 | 210423s2007 xx 000 0 und d | ||
| 020 | _a81224081412 | ||
| 040 | _cAL | ||
| 041 | _aeng | ||
| 082 |
_a660 _223 _bVERO |
||
| 100 |
_aVERMANI (O P);NARULA (A K). _941731 |
||
| 245 | _aApplied chemistry: theory and practice. | ||
| 260 |
_aNew Delhi _bNew Age International _c2007 |
||
| 300 |
_aviii,322 _bPB |
||
| 365 |
_b185 _cINR |
||
| 650 |
_aChemical Engineering _941732 |
||
| 906 | _aApplied ; chemistry: ; practice. ; theory | ||
| 942 |
_2ddc _cBK |
||
| 999 |
_c153619 _d153619 |
||